| 000 | 01006nam a2200277 a 4500 | ||
|---|---|---|---|
| 008 | |||
| 020 | _a0387275576 (hbk.) | ||
| 049 | _aMAIN | ||
| 090 | _aQA76SPE | ||
| 245 | 1 | 0 |
_aFrom Specification to Embedded Systems Application/ _cedited by Achim Rettberg, Mauro C. Zanella and Franz J. Rammig |
| 260 |
_aNew York : _bInternational Federation for Information Processing, _c2005 |
||
| 300 |
_axii, 320 p. : _bill. ; _c24 cm. |
||
| 504 | _aIncludes bibliographical references. | ||
| 611 |
_aIFIP TC10 Working Conference: International Embedded Systems Symposium (IESS) _d2005 _cManaus,Brazil |
||
| 650 |
_aSoftware Synthesis _xPower Management |
||
| 650 | _aNetwork and Communication Systems | ||
| 650 | _aDesign Methodology | ||
| 700 | _aRammig, J. Franz | ||
| 700 | _aZanella, C. Mauro | ||
| 700 | _aRettberg, Achim | ||
| 907 |
_a.b10209402 _b11-08-06 _c08-08-06 |
||
| 003 | |||
| 005 | 20230123134233.0 | ||
| 040 | _cNUST | ||
| 942 |
_cBOOKS _kQA76SPE |
||
| 999 |
_c162420 _d162420 |
||